Problems of the design and accuracy of complex continuous-action devices and computer mechanisms / (Record no. 19803)
[ view plain ]
| 000 -LEADER | |
|---|---|
| fixed length control field | 01308cam a22003012 4500 |
| 001 - CONTROL NUMBER | |
| control field | 19803 |
| 003 - CONTROL NUMBER IDENTIFIER | |
| rucl marc code | BD-RjUL |
| 005 - DATE AND TIME OF LATEST TRANSACTION | |
| control field | 20211209000459.0 |
| 008 - FIXED-LENGTH DATA ELEMENTS--GENERAL INFORMATION | |
| fixed length control field | 140225s1964 nyua b 000 0 eng d |
| 035 ## - SYSTEM CONTROL NUMBER | |
| System control number | OCLC ocm01370362 from D970701M |
| -- | (BD-RjUL)19864 |
| 040 ## - CATALOGING SOURCE | |
| Original cataloging agency | DLC |
| Transcribing agency | BOS |
| Modifying agency | OCL |
| -- | SER |
| -- | UKM |
| -- | BD-RjUL |
| Language of cataloging | eng |
| 041 1# - LANGUAGE CODE | |
| Language code of text/sound track or separate title | engrus |
| 082 ## - DEWEY DECIMAL CLASSIFICATION NUMBER | |
| Classification number | 621.815 |
| Author mark and year | PRO 1964 |
| 110 2# - MAIN ENTRY--CORPORATE NAME | |
| Corporate name or jurisdiction name as entry element | Institut mashinovedenii͡a (Akademii͡a nauk SSSR) |
| 9 (RLIN) | 60841 |
| 245 10 - TITLE STATEMENT | |
| Title | Problems of the design and accuracy of complex continuous-action devices and computer mechanisms / |
| Statement of responsibility, etc. | Edited by N.G. Bruyevich. Translated by Gerald Segal. English translation editor: A.M. Andrew. |
| 260 ## - PUBLICATION, DISTRIBUTION, ETC. (IMPRINT) | |
| Place of publication, distribution, etc. | New York : |
| Name of publisher, distributor, etc. | Pergamon Press; [distributed in the Western Hemisphere by Macmillan, New York], |
| Date of publication, distribution, etc. | c1964. |
| 300 ## - PHYSICAL DESCRIPTION | |
| Pagination | xi, 264 p. : |
| Illustrations | diagrs., tables. ; |
| Size | 24 cm. |
| 490 1# - SERIES STATEMENT | |
| Series statement | International tracts in computer science and technology and their application, |
| Volume/sequential designation | v. 8 |
| 504 ## - BIBLIOGRAPHY, ETC. NOTE | |
| Bibliography, etc | Includes bibliographies. |
| 650 #0 - SUBJECT ADDED ENTRY--TOPICAL TERM | |
| Topical term or geographic name as entry element | Machinery. |
| 9 (RLIN) | 60837 |
| Topical term or geographic name as entry element | Calculators. |
| 9 (RLIN) | 60838 |
| 700 1# - ADDED ENTRY--PERSONAL NAME | |
| Personal name | Bruevich, N. G. |
| Fuller form of name | (Nikolaĭ Grigorʹevich), |
| Dates associated with a name | 1896- |
| 830 #0 - SERIES ADDED ENTRY--UNIFORM TITLE | |
| Volume number/sequential designation | v. 8 |
| 830 #0 - SERIES ADDED ENTRY--UNIFORM TITLE | |
| Uniform title | International tracts in computer science and technology and their application, |
| 942 ## - ADDED ENTRY ELEMENTS (KOHA) | |
| Source of classification or shelving scheme | Dewey Decimal Classification |
| Koha item type | Books |
| Lost status | Source of classification or shelving scheme | Damaged status | Not for loan | Collection code | Permanent Location | Current Location | Shelving location | Date acquired | Source of acquisition | Cost, normal purchase price | Total Checkouts | Full call number | Date last seen | Copy number | Koha item type |
|---|---|---|---|---|---|---|---|---|---|---|---|---|---|---|---|
| Dewey Decimal Classification | Not For Loan | Non-fiction | Central Library, University of Rajshahi | Central Library, University of Rajshahi | Reading Room | 13/10/1970 | Sweets & Zeitlinger | 40.00 | 621.815 PRO 1964 | 25/02/2014 | C-1 | Books | |||
| Dewey Decimal Classification | Non-fiction | Central Library, University of Rajshahi | Central Library, University of Rajshahi | 14/10/1970 | Swets & Zeitlinger | 40.00 | 621.815 PRO 1964 | 25/11/2019 | C-2 | Books |